000 00553nam a2200133Ia 4500
008 100328s9999 xx 000 0 und d
082 _b71737
100 _aशेलकर राम.
245 _aमुंबई ग्रामपंचायत अधिनियम 1958
260 _bअशोक ग्रोवर अँन्ड सन्स.
630 _aमुंबई ग्रामपंचायत अधिनियम 1958
730 _aमुंबई ग्रामपंचायत अधिनियम 1958
942 _cBOOK
999 _c557461
_d557458